Kecelakaan organisasi : satu refleksi kritikal tentang kepimpinan dan pengurusan

Bibliographic Details
Main Author: Sandhu, Gurcharan Singh
Format: Book
Published: Batu Caves, Selangor : Thinker's Library , c2006
Subjects:

MARC

LEADER 00000cam a2200000 7i4500
001 0000003670
005 20080131.0
020 0 0 |a 9676906727 
090 0 0 |a 658.4092   |b SAN 
100 1 0 |a Sandhu, Gurcharan Singh 
245 1 0 |a Kecelakaan organisasi :   |b satu refleksi kritikal tentang kepimpinan dan pengurusan   |c Gurcharan Singh Sandhu 
260 0 0 |a Batu Caves, Selangor :   |b Thinker's Library ,   |c c2006 
300 |a 131ms. :   |b il. ;   |c 21cm. 
650 0 0 |a Conflict management 
650 0 0 |a Management 
650 0 0 |a Organizational change 
999 |a 0000007135   |b Monograph   |c Open Shelf   |e Default branch